[Event "Las Americas Team op U2400 Hybrid"]
[Site "Internet"]
[Date "2022.05.14"]
[Round "5.9"]
[White "Trujillo Garcia, Julio Cesar"]
[Black "Huichi Ancasi, Sergio Andre"]
[Result "1-0"]
[WhiteElo "1527"]
[BlackElo "1501"]
[PlyCount "45"]
[EventDate "2022.05.14"]
[EventType "team-swiss"]
[EventRounds "5"]
[EventCountry "VEN"]
[SourceTitle "EXT 2023"]
[Source "ChessBase"]
[SourceDate "2022.10.05"]
[SourceVersion "1"]
[SourceVersionDate "2022.10.05"]
[SourceQuality "1"]

1. e4 c5 2. Nf3 e6 3. d4 cxd4 4. Nxd4 a6 5. Nc3 Qc7 6. Be3 Bb4 7. Bd2 Nf6 8. Bd3 0-0 9. 0-0 Be7 10. Be3 Nc6 11. Re1 Ne5 12. f4 Neg4 13. e5 Nxe3 14. Rxe3 Bc5 15. exf6 Qxf4 16. Re4 Bxd4+ 17. Kh1 Qxf6 18. Rxd4 h6 19. Qd2 Kh8 20. Rf4 Qg5 21. Raf1 b5 22. Ne4 Qe7 23. Rf6 1-0